| 000 | 00538nam a2200229Ia 4500 | ||
|---|---|---|---|
| 003 | 0100 | ||
| 008 | 130303s9999 xx 000 0 und d | ||
| 020 | _a0745607470 | ||
| 040 | _cARRUPELIB | ||
| 050 | _aB105.A35M683 1990 | ||
| 100 | _aMoya , Carlos J | ||
| 245 | 4 | _aThe Philosophy of action | |
| 245 | _ban introduction | ||
| 260 | _aCambridge | ||
| 260 | _bPolity Press | ||
| 260 | _C1990 | ||
| 300 | _aviii | ||
| 300 | _b 189p. 23cm. | ||
| 440 | _aOxford readings in philosophy | ||
| 650 | _aPHILOSOPHY | ||
| 942 | 0 | 0 | _01 |
| 999 |
_c20876 _d20876 |
||